Parole più frequenti in "La patente" di Luigi Pirandello - Statistics

Statistiche generali
  • Questo quiz è stato fatto 14 volte
  • Il punteggio medio è 11 su 40
Statistiche sulle risposte
Posizione Occorrenze Parola % Corretto
3 35 PER
71%
5 28 GLI
64%
12 14 LEI
64%
21 10 LUI
64%
2 39 NON
64%
9 19 CON
57%
34 7 POI
50%
1 64 CHE
43%
11 15 COME
43%
14 13 DEL
43%
28 9 ALLA
36%
37 6 DISSE
36%
12 14 ERA
36%
37 6 HANNO
36%
28 9 SUL
36%
37 6 AVEVA
29%
17 12 PERCHÉ
29%
9 19 PIÚ
29%
21 10 QUEI
29%
6 25 UNA
29%
21 10 ANCHE
21%
14 13 COSÍ
21%
34 7 EGLI
21%
28 9 JETTATORE
21%
18 11 MIO
21%
21 10 QUEL
21%
18 11 TUTTI
21%
21 10 FARE
14%
34 7 MANI
14%
33 8 MANO
14%
21 10 VIA
14%
18 11 BENE
7%
28 9 OCCHI
7%
7 22 ANDREA
0%
37 6 CARO
0%
8 21 CHIÀRCHIARO
0%
14 13 DUE
0%
4 31 GIUDICE
0%
28 9 PROCESSO
0%
21 10 SIGNOR
0%
Nessun quiz corrispondente trovato
Distribuzione punteggi
Percentuale di utenti per punteggio
Percentile per numero di risposta
I tuoi punteggi nel tempo
Non hai fatto questo quiz